000 00552nam a2200229Ia 4500
003 OSt
005 20220928134916.0
006 a|||||r|||| 00| 0
007 ta
008 220927b |||||||| |||| 00| 0 eng d
024 _a52
037 _cTextual
040 _aSDCL
_cSDCL
_beng
041 _2eng
_aeng
082 _aXxN33, M9
100 _aDreze Jean
245 0 _aHunger and public action.
260 _c1989
700 _a Sen Amartya
942 _hXxN33, M9
_cTEXL
_2CC
999 _c804271
_d804271